| 000 | 00464nam a2200217Ia 4500 | ||
|---|---|---|---|
| 001 | 087272 | ||
| 003 | YMCAF | ||
| 005 | 20230512161618.0 | ||
| 008 | 100717s2004 ||||||||||||||||| ||und|d | ||
| 024 | _a87272 | ||
| 035 | _a26731 | ||
| 040 |
_aYMCAF _beng _cIN-KoLT |
||
| 041 | _aeng | ||
| 082 |
_a004.35 _bHWA |
||
| 100 | _aHwang, Hai | ||
| 245 | 0 | _aAdvanced computer architecture | |
| 250 | _a5th | ||
| 260 |
_bTMH _c2004 |
||
| 300 | _a770 | ||
| 942 |
_2ddc _cBK |
||
| 999 |
_c9248 _d9248 |
||